Unidad de adquisición de datos para acelerográfos

Gespeichert in:
Bibliographische Detailangaben
1. Verfasser: Alvarado Hernández, Johnny
Weitere Verfasser: Bonilla Trejos, Manuel Antonio
Format: Buch
Veröffentlicht: San José, Costa Rica 1994
Schlagworte:
Tags: Tag hinzufügen
Keine Tags, Fügen Sie den ersten Tag hinzu!

MARC

LEADER 00000nam a2200000Ia 4500
003 007573
005 20221231144257.0
008 140114s1994 c a m 000 ||s d
040 |c cru CEDI 
090 |a TFG 3223 
100 |a Alvarado Hernández, Johnny  |9 10949 
245 |a Unidad de adquisición de datos para acelerográfos 
260 |c 1994  |a San José, Costa Rica 
300 |a vii, [119] hojas : ilustraciones (1 plegables). 
500 |a  Proyecto de graduación (licenciatura en ingeniería eléctrica)--Universidad de Costa Rica. Facultad de Ingeniería. Escuela de Ingeniería Eléctrica 
650 |x ACELEROGRAFOS  |x PROGRAMAS PARA COMPUTADORA  |9 10951 
700 |9 10950  |a Bonilla Trejos, Manuel Antonio, 
942 |c TFG  |2 ddc 
999 |c 19482  |d 19482